Kursus loji, jentera dan peralatan : Nilaian kenderaan : 27 - 30 April 2015

Bibliographic Details
Corporate Authors: Kursus loji, jentera dan peralatan : Nilaian kenderaan, INSPEN (Institut Penilaian Negara )
Format: Book
Language:Malay
Published: Bangi : Institut Penilaian Negara , 2015
Subjects:

MARC

LEADER 00000cam a2200000 7i4500
001 0000026898
005 20160516.0
008 160516 my a may
040 |a INS 
090 0 0 |a VO305 
110 1 |a Kursus loji, jentera dan peralatan : Nilaian kenderaan ,   |d 2015 27 - 30 April   |c INSPEN, Bangi 
245 0 0 |a Kursus loji, jentera dan peralatan : Nilaian kenderaan :   |b 27 - 30 April 2015   |c Anjuran Pusat Penilaian dan Perkhidmatan Harta, INSPEN 
260 |a Bangi :   |b Institut Penilaian Negara ,   |c 2015 
300 |a 1 v. (Mukasurat pelbagai ) :   |b ill., pic. ;   |c 30 cm. 
650 0 |a Mechinery   |x Valuation 
710 1 |a INSPEN (Institut Penilaian Negara ) 
999 |a VO00000834   |b BOOK   |c Course Notes   |e Default branch 
999 |a VO00000835   |b BOOK   |c Course Notes   |e Default branch 
999 |a VO00000836   |b BOOK   |c Course Notes   |e Default branch